| 000 | 00340nam a2200133Ia 4500 | ||
|---|---|---|---|
| 005 | 20251222141859.0 | ||
| 008 | 251222s9999||||xx |||||||||||||| ||spa|| | ||
| 020 | _a9789972718496 | ||
| 082 | _a709/A81/T.I | ||
| 245 | 0 | _aColección Museo de Arte de Lima: | |
| 250 | _a1ra. ed. | ||
| 264 | _bMunicipalidad Metropolitana de Lima | ||
| 942 | _cLIB | ||
| 999 |
_c7979 _d7979 |
||